00437nam a2200145Ia 4500008004100000020001500041041000800056082001500064100003500079245008600114250000600200260005200206300001300258650002000271210716s1994 xx 000 0 und d a8120310489 aeng a005.3 STEL aSterling, Leon; Shapiro, Ehud. aArt of prolog: advanced programming techniques.bAdvanced programming techniques. a2 aNew DelhibPrentice Hall of India PVt Ltdc1994 axxii,509 aPrograms(005.3)